عليم صبا نو يد یہمہ جہت فنکا ر (Record no. 95342)

MARC details
000 -LEADER
fixed length control field 00768nam a22002177a 4500
005 - DATE AND TIME OF LATEST TRANSACTION
control field 20150729153919.0
008 - FIXED-LENGTH DATA ELEMENTS--GENERAL INFORMATION
fixed length control field 140714b xxu||||| |||| 00| 0 Urdu d
010 ## - LCCN (DPL NO)
LC control number UR-9259
020 q# - INTERNATIONAL STANDARD BOOK NUMBER
Terms of availability 300.00
International Standard Book Number 9788192338114
035 ## - SYSTEM CONTROL NUMBER
System control number U-7814
037 ## - SOURCE OF ACQUISITION
Source of stock number/acquisition DBAD/Pub.
040 ## - CATALOGING SOURCE
Original cataloging agency DPL
Language of cataloging Urdu
082 ## - DEWEY DECIMAL CLASSIFICATION NUMBER
Classification number 840.08
100 ## - MAIN ENTRY--PERSONAL NAME
Personal name منا ظر عا شق ہر گا نو ی
245 ## - TITLE STATEMENT
Title عليم صبا نو يد یہمہ جہت فنکا ر
Statement of responsibility, etc منا ظر عا شق ہر گا نو ی
246 ## - VARYING FORM OF TITLE
Title proper/short title Aleem Saba Navedi Hama Jehat Funkar
Remainder of title Manazir Ashique Harganvi
260 ## - PUBLICATION, DISTRIBUTION, ETC. (IMPRINT)
Place of publication, distribution, etc Chenai
Date of publication, distribution, etc 2014
Name of publisher, distributor, etc Tamil Nadu Urdu Publication
270 ## - ADDRESS
Address Bikhan Pur-3,Bhagal Pur
City Bihar
Postal code 812001
Telephone number 09430966156
300 ## - PHYSICAL DESCRIPTION
Extent 88ص
Dimensions 22Cm (Hb)
942 ## - ADDED ENTRY ELEMENTS (KOHA)
Source of classification or shelving scheme Dewey Decimal Classification
Item type Urdu Bks
Edition
Classification part 840.08
Call number suffix م ن ا
Holdings
Withdrawn status Lost status Source of classification or shelving scheme Damaged status Not for loan Collection code Home library Current library Date acquired Source of acquisition Cost, normal purchase price Total Checkouts Full call number Barcode Date last seen Copy number Cost, replacement price Koha item type
    Dewey Decimal Classification   Not For Loan Non-fiction D.B.Act.Division D.B.Act.Division 29/07/2015 DBAD/Pub. 300.00   840.08 م ن ا U-7814 29/07/2015 1 300.00 Urdu Bks

© Delhi Public Library
Hit Counter
free hit counter